El rǧimen jurd̕ico de la depuracin̤ de aguas residuales urbanas

Bibliographic Details
Main Author: ℓlvarez Carreǫ, Santiago M
Format: Unknown
Language:Spanish
Published: Madrid : Montecorvo, 2002
Subjects:
Online Access:Acceso restringido

MARC

LEADER 00000ny a22000003n 4500
005 20110531140858.0
008 030110s2002 sp s 000 0 spa c
017 |a D.L.M.40163-2002 
020 |a 8471114186 
035 |a 531 
040 |a SpMaUCDE  |d vLex 
040 |a UMA.RE  |d vLex 
080 |a 351.777.6(460):628.3 
090 |c 386  |d 386 
100 |a ℓlvarez Carreǫ, Santiago M 
245 1 3 |a El rǧimen jurd̕ico de la depuracin̤ de aguas residuales urbanas  |h [Recurso electrn̤ico]  |c Santiago M. ℓlvarez Carreǫ 
256 |a Servicio en ln̕ea 
260 |a Madrid :  |b Montecorvo,  |c 2002 
300 |a 298 p.;  |c 24 cm 
506 1 |a Contenido solo disponible en los productos indicados  |d vLex Global  |d vLex Global (Academic Edition, excluding Law Schools)  |d vLex Global (U.S. Academic Edition, Law Schools)  |d vLex Global (U.S. Academic Edition, excluding Law Schools)  |d vLex Global (Academic Edition, Law Schools) 
650 0 7 |a Rǧimen de aguas  |2 Tesauro vLex 
650 0 7 |a Inmobiliario y registral  |2 Tesauro vLex 
650 0 7 |a Aguas residuales  |2 Tesauro vLex 
650 0 7 |a Depuracin̤ de aguas  |2 Tesauro vLex 
740 0 |a vLex Libros (Servicios en ln̕ea) 
856 4 0 |u http://vlex.com/source/531  |z Acceso restringido 
942 |c BOOK 
999 0 |a Sewage--Purification  |b Madrid